[Event "Scarborough CC Howard Ridout"]
[Site "Toronto CAN"]
[Date "2017.10.19"]
[Round "6.5"]
[White "Palacios, Bobby"]
[Black "Yie, Kevin"]
[Result "1/2-1/2"]
[WhiteElo "2023"]
[BlackElo "2089"]
[WhiteFideId "-1"]
[WhiteFideId "-1"]
[PlyCount "63"]
[GameId "2160767908330365"]
[EventDate "2017.09.14"]
[EventType "swiss"]
[EventRounds "7"]
[EventCountry "CAN"]
[SourceTitle "EXT 2022"]
[Source "ChessBase"]
[SourceDate "2021.10.06"]
[SourceVersion "1"]
[SourceVersionDate "2021.10.06"]
[SourceQuality "1"]

1. d4 d5 2. c4 c6 3. Nf3 Nf6 4. cxd5 cxd5 5. Nc3 Nc6 6. Bf4 e6 7. e3 Bd6 8. Bg5 a6 9. Bd3 Bd7 10. O-O O-O 11. Rc1 Rc8 12. a3 Be7 13. Ne5 Nxe5 14. dxe5 Ne8 15. Bxe7 Qxe7 16. Qh5 f5 17. Ne2 g6 18. Qf3 Ng7 19. Nd4 Qg5 20. Qf4 Qe7 21. Nb3 Rxc1 22. Rxc1 Rc8 23. Rxc8+ Bxc8 24. Qd4 Qc7 25. f4 Kf7 26. h3 Ne8 27. Kh2 Bd7 28. Nc5 Bc6 29. b4 Qc8 30. a4 Nc7 31. Qa1 Qf8 32. Qd4 1/2-1/2

[Event "Scarborough CC Howard Ridout"]
[Site "Toronto CAN"]
[Date "2017.10.19"]
[Round "6.6"]
[White "Hay, Jonathan"]
[Black "Huang, Youhe"]
[Result "1-0"]
[WhiteElo "1710"]
[BlackElo "1849"]
[WhiteFideId "-1"]
[WhiteFideId "-1"]
[PlyCount "51"]
[GameId "2160767908330366"]
[EventDate "2017.09.14"]
[EventType "swiss"]
[EventRounds "7"]
[EventCountry "CAN"]
[SourceTitle "hb 2017"]

1. d4 f5 2. Bg5 Nf6 3. Bxf6 exf6 4. e3 d5 5. Bd3 g6 6. Ne2 Bd6 7. c4 Be6 8. c5 Be7 9. Nbc3 b6 10. b4 Nc6 11. Bb5 Bd7 12. Nxd5 a6 13. Bc4 bxc5 14. bxc5 Na5 15. Bd3 Bc6 16. Nb4 Bxg2 17. Rg1 Bc6 18. Nxc6 Nxc6 19. Qa4 Qd7 20. Bb5 axb5 21. Qxa8+ Nd8 22. Nf4 c6 23. a4 O-O 24. axb5 Nb7 25. Qa2+ Kh8 26. Qe6 1-0

[Event "Scarborough CC Howard Ridout"]
[Site "Toronto CAN"]
[Date "2017.10.19"]
[Round "6.7"]
[White "Qiao, Cindy"]
[Black "Sivapathasundaram, Manojh"]
[Result "1-0"]
[WhiteElo "1887"]
[BlackElo "1837"]
[WhiteFideId "-1"]
[WhiteFideId "-1"]
[PlyCount "61"]
[GameId "2160767908330367"]
[EventDate "2017.09.14"]
[EventType "swiss"]
[EventRounds "7"]
[EventCountry "CAN"]
[SourceTitle "hb 2017"]

1. e4 c5 2. Nf3 d6 3. d4 cxd4 4. Qxd4 Nc6 5. Bb5 Qa5+ 6. Nc3 Qxb5 7. Nxb5 Nxd4 8. Nfxd4 Kd8 9. Be3 Nf6 10. f3 a6 11. Na3 Be6 12. Rd1 g6 13. c4 Rc8 14. c5 Kc7 15. cxd6+ exd6 16. Rc1+ Kd7 17. O-O Rxc1 18. Rxc1 Be7 19. Nxe6 fxe6 20. Nc4 Rb8 21. Ba7 Rd8 22. Nb6+ Ke8 23. Rc7 d5 24. exd5 Nxd5 25. Nxd5 Rxd5 26. Rxb7 Rd1+ 27. Kf2 Rd2+ 28. Kf1 Bf6 29. Rb6 Rxb2 30. Rxe6+ Kf7 31. Rxf6+ 1-0

[Event "Scarborough CC Howard Ridout"]
[Site "Toronto CAN"]
[Date "2017.10.19"]
[Round "6.8"]
[White "Ghazarian, Tigran"]
[Black "Feng, Richard"]
[Result "0-1"]
[WhiteElo "1707"]
[BlackElo "1925"]
[WhiteFideId "-1"]
[WhiteFideId "-1"]
[PlyCount "58"]
[GameId "2160767908330368"]
[EventDate "2017.09.14"]
[EventType "swiss"]
[EventRounds "7"]
[EventCountry "CAN"]
[SourceTitle "hb 2017"]

1. e4 c5 2. Nf3 d6 3. c3 Nf6 4. h3 Bd7 5. Bd3 Nc6 6. Bc2 e5 7. a3 Rc8 8. O-O Be7 9. Re1 O-O 10. Bb3 Be6 11. d3 b5 12. Bxe6 fxe6 13. Qb3 c4 14. dxc4 bxc4 15. Qxc4 Nd4 16. Qd3 Nb3 17. Ra2 d5 18. Be3 Nxe4 19. Nxe5 Bc5 20. Nf3 e5 21. Rd1 Nxf2 22. Bxf2 e4 23. Qxd5+ Qxd5 24. Rxd5 exf3 25. Bxc5 Rxc5 26. Rxc5 f2+ 27. Kf1 Nxc5 28. b4 Ne4 29. Re2 Ng3# 0-1

[Event "Scarborough CC Howard Ridout"]
[Site "Toronto CAN"]
[Date "2017.10.19"]
[Round "6.9"]
[White "De Costa, Alex"]
[Black "Manalo, Pepin"]
[Result "1-0"]
[WhiteElo "1890"]
[BlackElo "1851"]
[WhiteFideId "-1"]
[WhiteFideId "-1"]
[PlyCount "62"]
[GameId "2160767908330369"]
[EventDate "2017.09.14"]
[EventType "swiss"]
[EventRounds "7"]
[EventCountry "CAN"]
[SourceTitle "hb 2017"]

1. e4 c5 2. Nf3 Nc6 3. Bb5 Qc7 4. O-O d6 5. Re1 e5 6. Nc3 Bd7 7. Nd5 Qc8 8. c3 a6 9. Ba4 Qd8 10. d4 b5 11. Bc2 h6 12. b4 c4 13. dxe5 dxe5 14. Be3 Rb8 15. a4 Nf6 16. axb5 axb5 17. Ra6 Qc8 18. Qa1 Bd6 19. Nxf6+ gxf6 20. Rd1 Ke7 21. Rd5 Be6 22. Rd2 h5 23. Bd1 h4 24. Rda2 h3 25. g3 Rd8 26. Nh4 Ke8 27. Bf3 Qc7 28. Nf5 Bf8 29. Bg4 Rd3 30. Bxh3 Rbd8 31. Bg4 Bc8 1-0

[Event "Scarborough CC Howard Ridout"]
[Site "Toronto CAN"]
[Date "2017.10.19"]
[Round "6.10"]
[White "Zhao, Yanchun"]
[Black "Uthayakumar, Ronan"]
[Result "0-1"]
[WhiteElo "1827"]
[BlackElo "1843"]
[WhiteFideId "-1"]
[WhiteFideId "-1"]
[PlyCount "104"]
[GameId "2160767908338562"]
[EventDate "2017.09.14"]
[EventType "swiss"]
[EventRounds "7"]
[EventCountry "CAN"]
[SourceTitle "hb 2017"]

1. d4 d5 2. Nf3 e6 3. e3 Nf6 4. Bd3 c5 5. b3 Bd6 6. Bb2 O-O 7. O-O Nc6 8. a3 b6 9. Nbd2 Bb7 10. h3 Re8 11. Ne5 a6 12. Ndf3 Qc7 13. Rc1 Nd7 14. Nxd7 Qxd7 15. Ne5 Nxe5 16. dxe5 Be7 17. Qh5 g6 18. Qg4 Qc6 19. f3 b5 20. c4 bxc4 21. bxc4 Rab8 22. Rc2 a5 23. h4 Ba6 24. cxd5 exd5 25. Bxa6 Qxa6 26. h5 Qd3 27. Rc3 Qf5 28. Qxf5 gxf5 29. Bc1 a4 30. Rd1 Red8 31. Kf2 Rb3 32. Rcd3 c4 33. Rxd5 Rxd5 34. Rxd5 Bxa3 35. Bxa3 Rxa3 36. Rc5 Ra2+ 37. Kf1 Rb2 38. Rxc4 a3 39. h6 Kf8 40. Rc8+ Ke7 41. Rc7+ Kd8 42. Rxf7 a2 43. Ra7 Rb1+ 44. Kf2 a1=Q 45. Rxa1 Rxa1 46. g4 fxg4 47. fxg4 Rh1 48. Kg3 Rxh6 49. Kf4 Ke7 50. Kf5 Rg6 51. g5 Kf7 52. e4 Re6 0-1

[Event "Scarborough CC Howard Ridout"]
[Site "Toronto CAN"]
[Date "2017.10.19"]
[Round "6.11"]
[White "Orozco, Joey"]
[Black "Sharpe, Sam"]
[Result "0-1"]
[WhiteElo "1860"]
[BlackElo "1955"]
[WhiteFideId "-1"]
[WhiteFideId "-1"]
[PlyCount "46"]
[GameId "2160767908338563"]
[EventDate "2017.09.14"]
[EventType "swiss"]
[EventRounds "7"]
[EventCountry "CAN"]
[SourceTitle "hb 2017"]

1. e4 e6 2. d4 d5 3. Nc3 dxe4 4. Nxe4 Nd7 5. Nf3 Ngf6 6. Bd3 c5 7. O-O Be7 8. Bg5 Nxe4 9. Bxe7 Qxe7 10. Bxe4 Nf6 11. Bd3 O-O 12. Re1 b6 13. a4 Bb7 14. c3 Rfd8 15. dxc5 Qxc5 16. Qe2 Rac8 17. Bb1 Qh5 18. Kh1 Bxf3 19. gxf3 Rc5 20. Rg1 Re5 21. Qf1 Qxf3+ 22. Rg2 g6 23. Ba2 Nh5 0-1

[Event "Scarborough CC Howard Ridout"]
[Site "Toronto CAN"]
[Date "2017.10.26"]
[Round "7.1"]
[White "Lei, Sean"]
[Black "Picana, Andrew"]
[Result "1-0"]
[WhiteElo "2117"]
[BlackElo "2071"]
[WhiteFideId "-1"]
[WhiteFideId "-1"]
[PlyCount "65"]
[GameId "2160767908338564"]
[EventDate "2017.09.14"]
[EventType "swiss"]
[EventRounds "7"]
[EventCountry "CAN"]
[SourceTitle "hb 2017"]

1. d4 Nf6 2. Nf3 e6 3. e3 Be7 4. Bd3 c5 5. Nbd2 b6 6. O-O Nc6 7. a3 Bb7 8. b3 O-O 9. Bb2 Re8 10. c4 Qc7 11. Rc1 Rad8 12. Qc2 g6 13. e4 cxd4 14. Nxd4 Nxd4 15. Bxd4 Ng4 16. Nf3 Bxa3 17. Ra1 Bd6 18. h3 Nh2 19. Nxh2 Bxh2+ 20. Kh1 Ra8 21. g3 Bxg3 22. fxg3 Qxg3 23. Bf6 d5 24. Qe2 dxe4 25. Bxe4 Bxe4+ 26. Qxe4 Qxh3+ 27. Kg1 Qg3+ 28. Kh1 Qh3+ 29. Kg1 h5 30. Rf3 Qg4+ 31. Qxg4 hxg4 32. Kf2 Red8 33. Rh1 1-0

[Event "Scarborough CC Howard Ridout"]
[Site "Toronto CAN"]
[Date "2017.10.26"]
[Round "7.2"]
[White "Issani, Nameer"]
[Black "Southam, David"]
[Result "0-1"]
[WhiteElo "2061"]
[BlackElo "2214"]
[WhiteFideId "-1"]
[WhiteFideId "-1"]
[PlyCount "50"]
[GameId "2160767908338565"]
[EventDate "2017.09.14"]
[EventType "swiss"]
[EventRounds "7"]
[EventCountry "CAN"]
[SourceTitle "hb 2017"]

1. d4 e6 2. c4 d5 3. Nc3 c6 4. e3 Nf6 5. Nf3 Nbd7 6. Qc2 Bd6 7. b3 O-O 8. Bb2 Qe7 9. Be2 b6 10. e4 Nxe4 11. Nxe4 dxe4 12. Qxe4 Bb4+ 13. Kf1 Bb7 14. Bd3 f5 15. Qe2 Rae8 16. c5 bxc5 17. a3 Ba5 18. Bc4 Nb6 19. dxc5 Nd5 20. b4 Bc7 21. Ne5 a5 22. b5 cxb5 23. Bxd5 Bxd5 24. Rc1 f4 25. f3 Rf5 0-1

[Event "Scarborough CC Howard Ridout"]
[Site "Toronto CAN"]
[Date "2017.10.26"]
[Round "7.3"]
[White "Noorali, Aahil"]
[Black "Li, William"]
[Result "0-1"]
[WhiteElo "2004"]
[BlackElo "2128"]
[WhiteFideId "-1"]
[WhiteFideId "-1"]
[PlyCount "90"]
[GameId "2160767908338566"]
[EventDate "2017.09.14"]
[EventType "swiss"]
[EventRounds "7"]
[EventCountry "CAN"]
[SourceTitle "hb 2017"]

1. d4 Nf6 2. c4 e6 3. Nc3 Bb4 4. e3 b6 5. Nge2 c5 6. a3 Ba5 7. Rb1 Na6 8. Qa4 Qe7 9. Bd2 O-O 10. Nc1 Bb7 11. f3 Bxc3 12. Bxc3 cxd4 13. exd4 e5 14. dxe5 d6 15. Be2 dxe5 16. O-O e4 17. Kh1 exf3 18. Bxf3 Bxf3 19. gxf3 Nc5 20. Qc2 Qe6 21. b4 Qxc4 22. Rg1 Ne6 23. Qb2 Nh5 24. Nb3 Rac8 25. Rbc1 Qd3 26. Nd2 Rfd8 27. Rgd1 Nhf4 28. Rf1 Ne2 29. Ne4 Nxc1 30. Qxc1 Rxc3 31. Nxc3 Rc8 32. Qd1 Rxc3 33. Qe1 Rc2 34. Rf2 Rxf2 35. Qxf2 Nf4 36. h4 Qd1+ 37. Kh2 Qe2 38. Kg3 Qxf2+ 39. Kxf2 Kf8 40. Ke3 Ng2+ 41. Ke4 Nxh4 42. Kd5 Nxf3 43. Kc6 Nd4+ 44. Kb7 h5 45. Kxa7 b5 0-1

[Event "Scarborough CC Howard Ridout"]
[Site "Toronto CAN"]
[Date "2017.10.26"]
[Round "7.4"]
[White "Zheng, Kevin"]
[Black "Palacios, Bobby"]
[Result "1-0"]
[WhiteElo "1884"]
[BlackElo "2023"]
[WhiteFideId "-1"]
[WhiteFideId "-1"]
[PlyCount "87"]
[GameId "2160767908338567"]
[EventDate "2017.09.14"]
[EventType "swiss"]
[EventRounds "7"]
[EventCountry "CAN"]
[SourceTitle "hb 2017"]

1. d4 Nf6 2. c4 g6 3. Nc3 Bg7 4. Nf3 O-O 5. Bf4 d5 6. e3 c5 7. dxc5 Qa5 8. Nd2 dxc4 9. Bxc4 Qxc5 10. Rc1 Nc6 11. Nb5 Qh5 12. O-O Qxd1 13. Rfxd1 e5 14. Bg5 Na5 15. Bxf6 Bxf6 16. Ne4 Be7 17. Bd5 Nc6 18. Bxc6 bxc6 19. Rxc6 Rd8 20. Rxd8+ Bxd8 21. Nc5 Bb6 22. a3 Rb8 23. b4 Kg7 24. h3 Bb7 25. Nxb7 Rxb7 26. a4 Rd7 27. Nd6 Bd8 28. b5 Be7 29. Nc4 f6 30. a5 Kh6 31. b6 axb6 32. axb6 Rd1+ 33. Kh2 Rb1 34. Rc7 Bd8 35. Rd7 Bxb6 36. Rb7 Rf1 37. Rxb6 Rxf2 38. Kg3 Rc2 39. Nd6 Kh5 40. Rb7 h6 41. Ne4 Rc6 42. Rf7 g5 43. Rxf6 Rc4 44. Kf3 1-0

[Event "Scarborough CC Howard Ridout"]
[Site "Toronto CAN"]
[Date "2017.10.26"]
[Round "7.5"]
[White "Hay, Jonathan"]
[Black "Qiao, Cindy"]
[Result "1-0"]
[WhiteElo "1710"]
[BlackElo "1887"]
[WhiteFideId "-1"]
[WhiteFideId "-1"]
[PlyCount "43"]
[GameId "2160767908338568"]
[EventDate "2017.09.14"]
[EventType "swiss"]
[EventRounds "7"]
[EventCountry "CAN"]
[SourceTitle "hb 2017"]

1. d4 d5 2. Bf4 Nf6 3. e3 e6 4. Nd2 Be7 5. Ngf3 O-O 6. Bd3 Nbd7 7. h4 c5 8. c3 Re8 9. Ne5 Nxe5 10. dxe5 Nd7 11. Qh5 g6 12. Qf3 Qc7 13. Qg3 Nf8 14. h5 Rd8 15. Nf3 Bd7 16. hxg6 fxg6 17. Ng5 Bxg5 18. Bxg5 Rdc8 19. Bf6 Be8 20. Qh4 Qf7 21. Rh3 Nd7 22. Bxg6 1-0

[Event "Scarborough CC Howard Ridout"]
[Site "Toronto CAN"]
[Date "2017.10.26"]
[Round "7.6"]
[White "Yie, Kevin"]
[Black "Feng, Richard"]
[Result "1-0"]
[WhiteElo "2089"]
[BlackElo "1925"]
[WhiteFideId "-1"]
[WhiteFideId "-1"]
[PlyCount "93"]
[GameId "2160767908338569"]
[EventDate "2017.09.14"]
[EventType "swiss"]
[EventRounds "7"]
[EventCountry "CAN"]
[SourceTitle "EXT 2022"]
[Source "ChessBase"]
[SourceDate "2021.10.06"]
[SourceVersion "1"]
[SourceVersionDate "2021.10.06"]
[SourceQuality "1"]

1. d4 f5 2. Nc3 Nf6 3. Bg5 e6 4. e4 fxe4 5. Nxe4 Be7 6. Bxf6 Bxf6 7. Nf3 Nc6 8. c3 d6 9. Bd3 O-O 10. Qc2 h6 11. O-O-O e5 12. d5 Ne7 13. h3 Kh8 14. c4 c6 15. dxc6 Nxc6 16. a3 Be6 17. Rhe1 b5 18. Bf1 Bf5 19. Qd3 Nd4 20. Nxd4 bxc4 21. Nc6 cxd3 22. Nxd8 Bxd8 23. Bxd3 Bxe4 24. Bxe4 Rc8+ 25. Kb1 Rxf2 26. Rxd6 Rb8 27. Bc2 Rxg2 28. Rd7 a5 29. Rd5 Rg3 30. Rdxe5 g5 31. Re8+ Kg7 32. Rd1 Rxa3 33. Rexd8 Rxd8 34. bxa3 Rb8+ 35. Kc1 Rf8 36. Rd7+ Kg8 37. Bd1 Rf2 38. Rd5 Rf1 39. Rxa5 Rh1 40. Rd5 Rxh3 41. a4 Kf7 42. a5 Ke6 43. Rb5 Kd6 44. a6 Kc6 45. Ra5 Kb6 46. a7 Rc3+ 47. Kd2 1-0

[Event "Scarborough CC Howard Ridout"]
[Site "Toronto CAN"]
[Date "2017.10.26"]
[Round "7.7"]
[White "De Costa, Alex"]
[Black "Ning, Eric"]
[Result "0-1"]
[WhiteElo "2024"]
[BlackElo "1890"]
[WhiteFideId "-1"]
[WhiteFideId "-1"]
[PlyCount "104"]
[GameId "2160767908338570"]
[EventDate "2017.09.14"]
[EventType "swiss"]
[EventRounds "7"]
[EventCountry "CAN"]
[SourceTitle "hb 2017"]

1. e4 c5 2. Nf3 Nc6 3. Bb5 g6 4. Bxc6 bxc6 5. d4 Bg7 6. Be3 Nf6 7. Nc3 Rb8 8. e5 Ng4 9. Bf4 O-O 10. dxc5 Qa5 11. O-O Qxc5 12. e6 d6 13. Ng5 f5 14. Qd2 h6 15. Nf3 g5 16. Be3 Nxe3 17. Qxe3 Qxe3 18. fxe3 Bxe6 19. Nd4 Bd7 20. Rab1 e5 21. Nde2 Rb7 22. a3 a5 23. e4 f4 24. Rbd1 Rf6 25. b3 Bf8 26. Rf3 g4 27. Rfd3 Bc8 28. Na4 Rbf7 29. Nb6 Ba6 30. Nc4 h5 31. R3d2 a4 32. Nc3 axb3 33. cxb3 Bxc4 34. bxc4 f3 35. g3 Ra7 36. a4 Rff7 37. Kf1 Rfb7 38. Rd3 Rb4 39. h3 Rxc4 40. h4 Rb4 41. R3d2 Kf7 42. Rd3 Ke6 43. R3d2 Rd7 44. Rd3 Rd8 45. R3d2 Bh6 46. Rd3 Rb2 47. Kg1 Rg2+ 48. Kf1 Rxg3 49. a5 Bf8 50. a6 Ra8 51. Ra1 Rh3 52. Kf2 Rh2+ 0-1

[Event "Scarborough CC Howard Ridout"]
[Site "Toronto CAN"]
[Date "2017.10.26"]
[Round "7.8"]
[White "Sharpe, Sam"]
[Black "Uthayakumar, Ronan"]
[Result "1-0"]
[WhiteElo "1955"]
[BlackElo "1843"]
[WhiteFideId "-1"]
[WhiteFideId "-1"]
[PlyCount "61"]
[GameId "2160767908338571"]
[EventDate "2017.09.14"]
[EventType "swiss"]
[EventRounds "7"]
[EventCountry "CAN"]
[SourceTitle "hb 2017"]

1. f4 d5 2. Nf3 Nf6 3. e3 Bg4 4. Be2 Bxf3 5. Bxf3 e6 6. b3 Bd6 7. Bb2 Nbd7 8. d4 Qe7 9. Nd2 c6 10. Qe2 O-O-O 11. c4 Kb8 12. c5 Bc7 13. b4 Ka8 14. a4 h6 15. Bc3 g5 16. g3 gxf4 17. gxf4 h5 18. b5 Ng4 19. h4 f5 20. a5 cxb5 21. a6 b6 22. Qxb5 Nb8 23. cxb6 Bxb6 24. Nc4 Qc7 25. Ba5 Bxa5+ 26. Nxa5 Qc3+ 27. Kf1 Qxa1+ 28. Kg2 Qa2+ 29. Be2 Nxe3+ 30. Kf3 Qxe2+ 31. Kxe2 1-0

[Event "Scarborough CC Howard Ridout"]
[Site "Toronto CAN"]
[Date "2017.10.26"]
[Round "7.9"]
[White "Huang, Youhe"]
[Black "Ghazarian, Tigran"]
[Result "0-1"]
[WhiteElo "1849"]
[BlackElo "1707"]
[WhiteFideId "-1"]
[WhiteFideId "-1"]
[PlyCount "150"]
[GameId "2160767908338572"]
[EventDate "2017.09.14"]
[EventType "swiss"]
[EventRounds "7"]
[EventCountry "CAN"]
[SourceTitle "hb 2017"]

1. e4 c5 2. Nf3 Nc6 3. d4 cxd4 4. Nxd4 g6 5. Nc3 Bg7 6. Be3 Nf6 7. f3 O-O 8. Bc4 Qc7 9. Ndb5 Qa5 10. Bd2 Qb6 11. Na4 Qd8 12. Be3 Ne5 13. Bb3 Qa5+ 14. Nac3 a6 15. Nd4 d6 16. g4 Bxg4 17. fxg4 Nexg4 18. Bd2 Qc5 19. Bg5 Qxg5 20. Nf3 Qa5 21. Qe2 Bh6 22. Nd2 Ne3 23. Nf1 Nfg4 24. h3 Nxf1 25. Qxg4 Ne3 26. Qf3 e6 27. Ke2 Rae8 28. Rhg1 d5 29. e5 Nf5 30. Kf1 d4 31. Ne4 Qxe5 32. Re1 Qb5+ 33. Re2 Kg7 34. a4 Qb6 35. h4 Ne3+ 36. Rxe3 Bxe3 37. Qf6+ Kg8 38. h5 d3 39. Rh1 Qd4 40. Qxd4 Bxd4 41. cxd3 Rc8 42. Ke2 Bxb2 43. hxg6 hxg6 44. Rb1 Bg7 45. Bc4 Rc7 46. Nd6 Rb8 47. Bxa6 Rc6 48. Rxb7 Rxb7 49. Bxb7 Rxd6 50. a5 Rd4 51. a6 Ra4 52. Kf3 Kf8 53. Ke3 Ke7 54. Kd2 Kd6 55. Kc2 Kc7 56. Kb3 Ra1 57. Kb4 Rb1+ 58. Kc5 Rxb7 59. axb7 Kxb7 60. Kd6 f5 61. Kxe6 f4 62. Kf7 f3 63. Kxg7 g5 64. Kf6 g4 65. Kg5 f2 66. Kxg4 f1=Q 67. d4 Qg1+ 68. Kf5 Qxd4 69. Ke6 Qc5 70. Kf6 Qd6+ 71. Kf7 Kc6 72. Ke8 Qd7+ 73. Kf8 Kd6 74. Kg8 Ke6 75. Kh8 Kf6 0-1

[Event "Scarborough CC Howard Ridout"]
[Site "Toronto CAN"]
[Date "2017.10.26"]
[Round "7.11"]
[White "Manalo, Pepin"]
[Black "Orozco, Joey"]
[Result "1-0"]
[WhiteElo "1851"]
[BlackElo "1860"]
[WhiteFideId "-1"]
[WhiteFideId "-1"]
[PlyCount "81"]
[GameId "2160767908338574"]
[EventDate "2017.09.14"]
[EventType "swiss"]
[EventRounds "7"]
[EventCountry "CAN"]
[SourceTitle "hb 2017"]

1. d4 Nf6 2. Nf3 g6 3. e3 Bg7 4. Bd3 d5 5. b3 c5 6. Bb2 O-O 7. h3 Nc6 8. a3 Re8 9. Nbd2 Nd7 10. c4 cxd4 11. exd4 dxc4 12. Nxc4 b5 13. Nce5 Ndxe5 14. dxe5 a6 15. Qc2 Bb7 16. Rd1 Qb6 17. O-O Rac8 18. Qe2 e6 19. Be4 h6 20. Rd6 Red8 21. Rfd1 Qc7 22. Bb1 Rxd6 23. exd6 Qd7 24. Bxg7 Kxg7 25. Qb2+ Kg8 26. Qf6 Kh7 27. b4 Rg8 28. h4 Rg7 29. Nh2 h5 30. Nf3 Kg8 31. Ng5 a5 32. bxa5 Nxa5 33. Be4 Bc8 34. Bf3 Nc4 35. Ne4 Qe8 36. Qd4 Qd8 37. Nf6+ Kh8 38. d7 Ba6 39. Ne8 e5 40. Qa7 e4 41. Be2 1-0

[Event "Scarborough CC Winter Swiss"]
[Site "Toronto CAN"]
[Date "2017.03.23"]
[Round "4"]
[White "Raveeswaran, Mikeeran"]
[Black "Pishdad, Hassan"]
[Result "0-1"]
[WhiteElo "565"]
[BlackElo "895"]
[WhiteFideId "-1"]
[WhiteFideId "-1"]
[PlyCount "42"]
[GameId "2160767908478430"]
[EventDate "2017.02.23"]
[EventType "swiss"]
[EventRounds "6"]
[EventCountry "CAN"]

1. e4 c5 2. d3 e6 3. Bf4 d5 4. exd5 exd5 5. Nc3 Nf6 6. Nb5 Qa5+ 7. Nc3 d4 8. Qe2+ Be6 9. Bc7 Qxc7 10. Ne4 Be7 11. Nf3 h6 12. a3 O-O 13. O-O-O Bg4 14. h3 Bh5 15. g4 Qf4+ 16. Qd2 Qxf3 17. Nxf6+ Bxf6 18. Be2 Qd5 19. gxh5 Bg5 20. f4 Qa2 21. fxg5 Qa1# 0-1

[Event "Scarborough CC--ch"]
[Site "Toronto CAN"]
[Date "2017.04.06"]
[Round "1"]
[White "Verde, Pino"]
[Black "Pishdad, Hassan"]
[Result "1-0"]
[WhiteElo "1683"]
[BlackElo "912"]
[WhiteFideId "-1"]
[WhiteFideId "-1"]
[PlyCount "67"]
[GameId "2160767908412193"]
[EventDate "2017.04.06"]
[EventType "swiss"]
[EventRounds "8"]
[EventCountry "CAN"]

1. Nf3 d5 2. g3 c5 3. Bg2 Nc6 4. O-O e5 5. d3 Be7 6. Nbd2 Nf6 7. Re1 O-O 8. e4 Bg4 9. c3 d4 10. Qc2 Rc8 11. Nc4 Bxf3 12. Bxf3 b5 13. Nd2 c4 14. dxc4 d3 15. Qb1 bxc4 16. Nxc4 Bc5 17. Rd1 Rc7 18. Rxd3 Rd7 19. Rxd7 Qxd7 20. Be3 Bxe3 21. Nxe3 Rd8 22. Nd5 Qe6 23. Qc2 Rc8 24. Qd3 Rd8 25. Rd1 Nd7 26. b4 f6 27. Qc4 Kf8 28. Qe2 g6 29. b5 Ncb8 30. Bg4 f5 31. exf5 gxf5 32. Qf3 Kg7 33. Bxf5 Rf8 34. Qg4+ 1-0

[Event "Scarborough CC--ch"]
[Site "Toronto CAN"]
[Date "2017.04.13"]
[Round "2"]
[White "Pishdad, Hassan"]
[Black "Raveeswaran, Mikeeran"]
[Result "1-0"]
[WhiteElo "912"]
[BlackElo "569"]
[WhiteFideId "-1"]
[WhiteFideId "-1"]
[PlyCount "37"]
[GameId "2160767908412194"]
[EventDate "2017.04.06"]
[EventType "swiss"]
[EventRounds "8"]
[EventCountry "CAN"]

1. d4 d5 2. c4 e6 3. e3 dxc4 4. Bxc4 c6 5. Nf3 b5 6. Bd3 Bb4+ 7. Bd2 Qa5 8. Nc3 Nf6 9. O-O Nbd7 10. a3 Bxc3 11. Bxc3 Qc7 12. Bb4 g5 13. Nxg5 Ng4 14. Qxg4 f5 15. Qh5+ Kd8 16. Nf7+ Ke8 17. Nxh8+ Kd8 18. Qg5+ Ke8 19. Qe7# 1-0

[Event "Scarborough CC--ch"]
[Site "Toronto CAN"]
[Date "2017.04.27"]
[Round "4"]
[White "Pishdad, Hassan"]
[Black "Yuan, Daniel"]
[Result "0-1"]
[WhiteElo "912"]
[BlackElo "1177"]
[WhiteFideId "-1"]
[WhiteFideId "-1"]
[PlyCount "47"]
[GameId "2160767908412196"]
[EventDate "2017.04.06"]
[EventType "swiss"]
[EventRounds "8"]
[EventCountry "CAN"]

1. d4 d5 2. c4 c6 3. cxd5 cxd5 4. e3 Nf6 5. Nf3 Nc6 6. Nc3 e6 7. a3 Bd6 8. Bb5 Bd7 9. O-O a6 10. Bd3 O-O 11. e4 dxe4 12. Nxe4 Nxe4 13. Bxe4 f5 14. Bg5 Qb6 15. Bxc6 Bxc6 16. b4 h6 17. Be3 Bd5 18. g3 f4 19. gxf4 Bxf4 20. Bxf4 Rxf4 21. Qd3 Rxf3 22. Qe2 Qxd4 23. Rad1 Qg4+ 24. Kh1 0-1

[Event "Semiahmoo op Premier"]
[Site "White Rock CAN"]
[Date "2017.08.05"]
[Round "1.2"]
[White "Roback, Joe"]
[Black "Doknjas, John"]
[Result "1-0"]
[WhiteElo "2053"]
[BlackElo "2278"]
[WhiteFideId "-1"]
[WhiteFideId "-1"]
[PlyCount "61"]
[GameId "2160767908347549"]
[EventDate "2017.08.05"]
[EventType "swiss"]
[EventRounds "6"]
[EventCountry "CAN"]
[SourceTitle "EXT 2022"]
[Source "ChessBase"]
[SourceDate "2021.10.06"]
[SourceVersion "1"]
[SourceVersionDate "2021.10.06"]
[SourceQuality "1"]

1. e4 c5 2. Nf3 d6 3. d4 cxd4 4. Nxd4 Nf6 5. Nc3 a6 6. Be3 e5 7. Nb3 Be7 8. f3 Be6 9. Qd2 O-O 10. O-O-O a5 11. Bb5 Na6 12. Kb1 Nc7 13. Bb6 Qb8 14. Nxa5 d5 15. exd5 Nfxd5 16. Nxd5 Nxd5 17. Nc4 Nxb6 18. Nxb6 Rxa2 19. Nd5 Qa7 20. Nxe7+ Kh8 21. c4 h6 22. g4 Ra8 23. Rhe1 Qc5 24. Nd5 Bxd5 25. Rxe5 Qb6 26. Rxd5 Qg6+ 27. Qd3 Ra1+ 28. Kc2 Rxd1 29. Kxd1 Qf6 30. Kc2 Qh4 31. Qe2 1-0

[Event "Semiahmoo op Premier"]
[Site "White Rock CAN"]
[Date "2017.08.05"]
[Round "1.5"]
[White "McLaren, Brian"]
[Black "Hemstapat, Andrew"]
[Result "0-1"]
[WhiteElo "2167"]
[BlackElo "1993"]
[WhiteFideId "-1"]
[WhiteFideId "-1"]
[PlyCount "54"]
[GameId "2160767908347552"]
[EventDate "2017.08.05"]
[EventType "swiss"]
[EventRounds "6"]
[EventCountry "CAN"]
[SourceTitle "EXT 2022"]
[Source "ChessBase"]
[SourceDate "2021.10.06"]
[SourceVersion "1"]
[SourceVersionDate "2021.10.06"]
[SourceQuality "1"]

1. e4 e6 2. d4 d5 3. e5 c5 4. c3 Nc6 5. Be3 Bd7 6. Nf3 Qb6 7. Qd2 Rc8 8. dxc5 Bxc5 9. Bxc5 Qxc5 10. Qg5 Nge7 11. Qxg7 Rg8 12. Qxh7 d4 13. Qe4 Nf5 14. Nbd2 dxc3 15. bxc3 Qxc3 16. Rb1 Ncd4 17. Nxd4 Nxd4 18. Be2 Nc2+ 19. Kd1 Na3 20. Qh7 Rf8 21. f4 Nxb1 22. Qxb1 Ba4+ 23. Ke1 Qc1+ 24. Bd1 Bxd1 25. Qxc1 Rxc1 26. Kf2 Ke7 27. Nb3 Rc2+ 0-1

[Event "Semiahmoo op Premier"]
[Site "White Rock CAN"]
[Date "2017.08.05"]
[Round "1.6"]
[White "Su, Michael"]
[Black "Ferguson, Peter"]
[Result "1-0"]
[WhiteElo "1984"]
[BlackElo "2143"]
[WhiteFideId "-1"]
[WhiteFideId "-1"]
[PlyCount "71"]
[GameId "2160767908347553"]
[EventDate "2017.08.05"]
[EventType "swiss"]
[EventRounds "6"]
[EventCountry "CAN"]
[SourceTitle "EXT 2022"]
[Source "ChessBase"]
[SourceDate "2021.10.06"]
[SourceVersion "1"]
[SourceVersionDate "2021.10.06"]
[SourceQuality "1"]

1. d4 g6 2. c4 Bg7 3. e4 d6 4. Ne2 f5 5. Nbc3 Nh6 6. e5 Nf7 7. f4 O-O 8. Be3 b6 9. b4 g5 10. g3 Bb7 11. Rg1 e6 12. Qd2 gxf4 13. gxf4 a5 14. b5 Qh4+ 15. Ng3 dxe5 16. fxe5 Nxe5 17. dxe5 f4 18. Bf2 fxg3 19. Bxg3 Qh5 20. Bg2 Bxg2 21. Qxg2 Nd7 22. Qe2 Qxe2+ 23. Nxe2 Kh8 24. Nd4 Nxe5 25. O-O-O Nxc4 26. Nxe6 Bh6+ 27. Kb1 Rf5 28. Nxc7 Na3+ 29. Kb2 Bg7+ 30. Kxa3 Rf3+ 31. Ka4 Bb2 32. Be5+ Bxe5 33. Nxa8 Rf4+ 34. Kb3 Rb4+ 35. Kc2 Rb2+ 36. Kc1 1-0